| 000 | 02847nam a22002657a 4500 | ||
|---|---|---|---|
| 003 | Uzh_bibl | ||
| 008 | 260511b |||||||| |||| 00| 0 ukr d | ||
| 020 |
_a978-617-07-0639-3 _c134,40 |
||
| 040 | _bукр. | ||
| 041 |
_2eng _aukr |
||
| 080 | _a821(410) | ||
| 090 |
_a821(410) _bБ 88 |
||
| 100 | _aБронте,Шарлотта | ||
| 245 |
_aДжейн Ейр _cпер. з англ.Олени Ломакіної _hТекст |
||
| 260 |
_aКиїв _bЗнання _c2018 |
||
| 300 |
_a511 с. _fВ опр. |
||
| 490 | _aСерія "Класна література" | ||
| 520 | _a“Джейн Ейр” — безсмертний роман відомої англійської письменниці Шарлотти Бронте (1816—1855), що приніс їй неймовірну славу і став революційним у світовій літературі. Це щира розповідь головної героїні про свою долю і кохання, кожен епізод якої виписаний психологічно сильно й глибоко. Твір випереджав свій час за важливістю порушених у ньому проблем: особиста та соціальна свобода жінки, станова нерівність, питання віри тощо. Ця книга дала початок феміністичному руху в літературі, витримала безліч екранізацій і незмінно займає перші позиції у списках бестселерів. Відтоді як ця книга побачила світ, образ Джейн Ейр полонив серця мільйонів читачів. Тендітна, з виду слабка й непоказна, проте неймовірно жіночна і сильна духом, здатна приймати рішення й протистояти обставинам — вона ніколи не йде проти свого сумління, її вчинки завжди виважені й правильні, незважаючи на всі труднощі й випробування, які ставить перед нею життя. Але найбільше Джейн хоче дарувати комусь тепло, що переповнює її душу, та прагне любові — чистої, високої, взаємної. І попри все досягає своєї мети. | ||
| 521 | _aДля широкого кола читачів | ||
| 546 | _aукр. | ||
| 650 | _aЛітературно-художнє видання | ||
| 653 |
_aКохання _aВірність |
||
| 655 |
_aЗарубіжна класика _vРоман |
||
| 942 |
_2udc _cBK |
||
| 999 |
_c17701 _d17701 |
||